000 00296nam a22001337a 4500
008 170922b xxu||||| |||| 00| 0 eng d
020 _a0716707373
041 _aeng
080 _a37
100 _a46
101 _aEDY
245 _aINTEKKIGENCE AND ENVIRONMENT
_cVERNON.P.E
942 _2udc
_cBK
999 _c29254
_d29254